Flags of Landlocked U.S. States - Sudden Death - Statistics

General Stats
  • This quiz has been taken 518 times
  • The average score is 9 of 27
Answers on the Grid
Answers color-coded by a green-red scale on the quiz's grid according to % correct below.
 
Answer Stats
Answer % Correct
72%
62%
54%
51%
50%
42%
42%
40%
34%
31%
31%
28%
28%
26%
26%
25%
25%
23%
23%
22%
20%
20%
20%
19%
18%
15%
13%
No matching quizzes found
Score Distribution
Percent of People with Each Score
Percentile by Number Answered
Your Score History
You have not taken this quiz